This is the life - lyrics (Amy MacDonald) - Statistics

General Stats
  • This quiz has been taken 25 times
  • The average score is 71 of 94
Answer Stats
Answer % Correct
Do
100%
Go
100%
Gonna
100%
In
100%
The
100%
The
100%
The
100%
The
100%
The
100%
The
100%
To
100%
Where
100%
You
100%
And
93%
And
93%
Is
93%
Life
93%
Sleep
93%
So
93%
There
93%
There
93%
This
93%
Tonight
93%
Tonight?
93%
Were
93%
With
93%
Your
93%
About
87%
Down
87%
Down
87%
Head
87%
Sit
87%
Up
87%
You’re
87%
Feels
80%
Hair
80%
Home
80%
Morning
80%
Nothing
80%
Singing
80%
Songs
80%
Talking
80%
Their
80%
They
80%
Wake
80%
Better
73%
Boys
73%
Dancing
73%
Dark
73%
Get
73%
Girls
73%
Music
73%
Oh
73%
One
73%
Over
73%
People
73%
Sitting
73%
Size
73%
Street
73%
Than
73%
Thinking
73%
Twice
73%
Wind
73%
Before
67%
Chase
67%
Cold
67%
Curls
67%
Each
67%
Four
67%
Front
67%
Louder
67%
Road
67%
Vibe
67%
Whistles
67%
Door
60%
For
60%
Heading
60%
Nobody’s
60%
Taxi
60%
‘til
60%
Way
60%
But
53%
Jimmy’s
53%
Outside
53%
Waiting
53%
Crew
47%
His
47%
Motley
40%
Robert
40%
While
40%
Youth
33%
Riger
27%
Shy
27%
Tormented
27%
No matching quizzes found
Score Distribution
Percent of People with Each Score
Percentile by Number Answered
Your Score History
You have not taken this quiz